MICROBIOLOGY FOR NURSING (Record no. 32165)
[ view plain ]
| 000 -LEADER | |
|---|---|
| fixed length control field | 00361nam a22001577a 4500 |
| 003 - CONTROL NUMBER IDENTIFIER | |
| control field | SGT |
| 020 ## - INTERNATIONAL STANDARD BOOK NUMBER | |
| International Standard Book Number | 9393480303 |
| 082 ## - DEWEY DECIMAL CLASSIFICATION NUMBER | |
| Classification number | 616.01 |
| Item number | M26M |
| 100 ## - MAIN ENTRY--PERSONAL NAME | |
| Personal name | MARATHA, SUSHMA |
| 245 ## - TITLE STATEMENT | |
| Title | MICROBIOLOGY FOR NURSING |
| 260 ## - PUBLICATION, DISTRIBUTION, ETC. (IMPRINT) | |
| Place of publication, distribution, etc | NEW DELHI |
| Name of publisher, distributor, etc | BIRLA PUB. |
| Year of Publication | 2025 |
| 300 ## - PAGE DESCRIPTION | |
| No. of Pages | 191 |
| 650 ## - SUBJECT ADDED ENTRY--TOPICAL TERM | |
| Topical term or geographic name as entry element | MICROBIOLOGY |
| 653 ## - KEYWORDS--INDEX TERM | |
| Keyword term | NURSING, MICROBIOLOGY |
| 942 ## - ADDED ENTRY ELEMENTS (KOHA) | |
| Source of classification or shelving scheme | Dewey Decimal Classification |
| Koha item type | Gifted Books |
| Withdrawn status | Lost status | Source of classification or shelving scheme | Damaged status | Use restrictions | Not for loan | Collection code | Home library | Current library | Shelving location | Date acquired | Vendor Name | Cost, normal purchase price | SGTU | Total Checkouts | Full call number | Accession No. (Barcode) | Date last seen | Bill Date | Koha item type |
|---|---|---|---|---|---|---|---|---|---|---|---|---|---|---|---|---|---|---|---|
| Dewey Decimal Classification | Restricted Access | PHARMACY | SGT FA-FP Library | SGT FA-FP Library | Reference Book | 30/07/2025 | SGT UNIVERSITY | 290.00 | SGTU | 616.01 M26M | FP5279G | 30/07/2025 | 30/07/2025 | Gifted Books |